00373nam a2200145Ia 4500008004100000020001800041041000800059082001500067100001600082245007100098260001800169300000800187365001600195700001600211230718s9999 xx 000 0 und d a9780670087631 aeng a158.1bKHA aKhanna V.C. aMaking Dreams Come TruebThe Story Of The Tech Mahindra Foundation c2014bPenguin a260 cRs.b599.00 aKhanna V.C.